[Event "Rabat Blitz Marathon"]
[Site "Rabat MAR"]
[Date "2014.06.07"]
[Round "12.3"]
[White "Tregubov, Pavel"]
[Black "Hansen, Eric"]
[Result "0-1"]
[WhiteElo "2604"]
[BlackElo "2584"]
[PlyCount "120"]
[GameId "2130307670759138"]
[EventDate "2014.06.07"]
[EventType "swiss (blitz)"]
[EventRounds "21"]
[EventCountry "MAR"]
[SourceTitle "10 Days #402"]
[Source "Chess Mix"]

1. d4 Nf6 2. c4 g6 3. g3 c6 4. Bg2 d5 5. Nf3 Bg7 6. O-O O-O 7. Qb3 Qb6 8. Nc3 Rd8 9. c5 Qxb3 10. axb3 Na6 11. Bf4 Re8 12. Ne5 Nd7 13. Nxd7 Bxd7 14. Rfd1 h6 15. h4 Bg4 16. Rd2 e5 17. Bxe5 Bxe5 18. dxe5 Nxc5 19. Ra3 Rxe5 20. b4 Nd7 21. e4 Nb6 22. b3 dxe4 23. Nxe4 Kg7 24. Nc5 Re7 25. b5 cxb5 26. Nxb7 Rb8 27. Na5 Bd7 28. Nc6 Bxc6 29. Bxc6 b4 30. Ra5 Rc8 31. Bb5 Rc5 32. Rda2 Ree5 33. Rxa7 Rxb5 34. Rc7 Nd5 35. Rd7 Nc3 36. Raa7 Rf5 37. Kg2 Rbe5 38. f4 Re6 39. Rd8 g5 40. Raa8 gxf4 41. Rg8+ Kf6 42. g4 Rd5 43. Rh8 Ke5 44. g5 hxg5 45. h5 Kf5 46. Rhe8 Rd2+ 47. Kf1 Rh6 48. Ra5+ Kg4 49. Ke1 Rd1+ 50. Kf2 Rxh5 51. Re1 Rh2+ 52. Kg1 Rxe1+ 53. Kxh2 Re2+ 54. Kg1 f3 55. Rc5 Ne4 56. Rc4 Kg3 57. Rc1 f2+ 58. Kf1 Kf3 59. Rc3+ Re3 60. Rc2 Re1# 0-1

[Event "Rabat Blitz Marathon"]
[Site "Rabat MAR"]
[Date "2014.06.07"]
[Round "13.2"]
[White "Hansen, Eric"]
[Black "Van Kampen, Robin"]
[Result "0-1"]
[WhiteElo "2584"]
[BlackElo "2631"]
[PlyCount "88"]
[GameId "2130307670759141"]
[EventDate "2014.06.07"]
[EventType "swiss (blitz)"]
[EventRounds "21"]
[EventCountry "MAR"]
[SourceTitle "10 Days #402"]
[Source "Chess Mix"]

1. c4 e6 2. Nf3 d5 3. d4 dxc4 4. Qa4+ Nd7 5. Qxc4 a6 6. Nc3 b5 7. Qd3 Bb7 8. e4 Ngf6 9. e5 Nd5 10. Be2 c5 11. Bg5 Qb6 12. Nxd5 Bxd5 13. O-O cxd4 14. Rfc1 h6 15. Bh4 g5 16. Bg3 Bg7 17. a4 bxa4 18. Bd1 O-O 19. Bxa4 Nc5 20. Qxd4 Nxa4 21. Rxa4 Rfc8 22. Rca1 Qb7 23. Rb4 Qc6 24. h4 Bxf3 25. gxf3 Qxf3 26. hxg5 hxg5 27. Rb6 Rc2 28. Rd6 Kh7 29. Kh2 Kg6 30. Kg1 Rh8 31. Qd3+ Qxd3 32. Rxd3 Rxb2 33. Rxa6 Rb1+ 34. Kg2 Rb5 35. Re3 Rd8 36. Ra7 Rbd5 37. Rf3 R8d7 38. Rxd7 Rxd7 39. Kh3 Rd5 40. Re3 g4+ 41. Kg2 Rd4 42. Re2 Kf5 43. f3 gxf3+ 44. Kxf3 Rf4+ 0-1

[Event "Rabat Blitz Marathon"]
[Site "Rabat MAR"]
[Date "2014.06.07"]
[Round "14.4"]
[White "Hansen, Eric"]
[Black "Adnani, Moklis"]
[Result "1-0"]
[WhiteElo "2584"]
[BlackElo "2388"]
[PlyCount "109"]
[GameId "2130307670759147"]
[EventDate "2014.06.07"]
[EventType "swiss (blitz)"]
[EventRounds "21"]
[EventCountry "MAR"]
[SourceTitle "10 Days #402"]
[Source "Chess Mix"]

1. e4 c5 2. Nf3 Nc6 3. Bb5 d6 4. O-O Bd7 5. Re1 Nf6 6. c3 a6 7. Bf1 Bg4 8. h3 Bxf3 9. Qxf3 g6 10. d3 Bg7 11. Qd1 O-O 12. Be3 b5 13. Nd2 Nd7 14. Nf3 b4 15. Qa4 Qc7 16. d4 Nb6 17. Qd1 bxc3 18. bxc3 Na5 19. Rc1 Nac4 20. Bg5 Rac8 21. Rb1 h6 22. Bh4 Rb8 23. Qb3 Na5 24. Qa3 Nbc4 25. Bxc4 Nxc4 26. Qxa6 cxd4 27. Rxb8 Rxb8 28. cxd4 Rb6 29. Qa4 g5 30. Bg3 Nb2 31. Qa5 Rc6 32. Qa3 Rc2 33. Qb3 Qc3 34. Qb7 Qc7 35. Qa8+ Qc8 36. Qd5 Nd3 37. Rf1 Nb4 38. Qb3 Qc4 39. Qa4 Nxa2 40. Qe8+ Bf8 41. e5 Nc3 42. exd6 Ne2+ 43. Kh2 exd6 44. Bxd6 Qc8 45. Qxc8 Rxc8 46. Be5 Nc3 47. Rc1 Bb4 48. d5 Rc5 49. Bd6 Ne4 50. Bxc5 Bxc5 51. Rc4 Bd6+ 52. Kg1 Nf6 53. Rc6 Ne4 54. Nd2 Nxd2 55. Rxd6 1-0

[Event "Rabat Blitz Marathon"]
[Site "Rabat MAR"]
[Date "2014.06.07"]
[Round "15.4"]
[White "Ali, Sebbar"]
[Black "Hansen, Eric"]
[Result "1-0"]
[WhiteElo "2376"]
[BlackElo "2584"]
[PlyCount "97"]
[GameId "2130307670759151"]
[EventDate "2014.06.07"]
[EventType "swiss (blitz)"]
[EventRounds "21"]
[EventCountry "MAR"]
[SourceTitle "10 Days #402"]
[Source "Chess Mix"]

1. d4 Nf6 2. Bf4 g6 3. e3 Bg7 4. h3 d6 5. Nf3 O-O 6. Be2 Nbd7 7. O-O Qe8 8. c4 e5 9. Bh2 e4 10. Nfd2 Qe7 11. Nc3 Re8 12. Nb5 Qd8 13. c5 a6 14. cxd6 axb5 15. dxc7 Qe7 16. Bxb5 Nd5 17. Qc2 Qb4 18. a4 Qe7 19. Nc4 Qe6 20. Nd6 Re7 21. Rfc1 N7f6 22. Qb3 Rxc7 23. Rxc7 Nxc7 24. Bc4 Ncd5 25. Nb5 Qd7 26. Rc1 Qd8 27. Nc3 Be6 28. Qxb7 Bf8 29. Qb3 Nxc3 30. Rxc3 Nd5 31. Rc1 Qa5 32. Ra1 Rc8 33. Qb5 Qd2 34. Bg3 Nxe3 35. Bxe6 Rc1+ 36. Kh2 Nf1+ 37. Qxf1 Rxf1 38. Rxf1 fxe6 39. Ra1 Bb4 40. Be5 Qxb2 41. Rf1 Bc3 42. a5 Bxa5 43. Rd1 Qxf2 44. Rc1 Bd2 45. Rc8+ Kf7 46. Rc6 Ke8 47. Rc8+ Kf7 48. Rc7+ Kg8 49. Rc8+ 1-0

[Event "Rabat Blitz Marathon"]
[Site "Rabat MAR"]
[Date "2014.06.07"]
[Round "16.4"]
[White "Hansen, Eric"]
[Black "Movsziszian, Karen"]
[Result "1-0"]
[WhiteElo "2584"]
[BlackElo "2520"]
[PlyCount "69"]
[GameId "2130307670759155"]
[EventDate "2014.06.07"]
[EventType "swiss (blitz)"]
[EventRounds "21"]
[EventCountry "MAR"]
[SourceTitle "10 Days #402"]
[Source "Chess Mix"]

1. e4 g6 2. d4 Bg7 3. Nc3 d6 4. f4 Nc6 5. Nf3 Bg4 6. Be3 Bxf3 7. gxf3 d5 8. Qd2 e6 9. h4 h5 10. O-O-O Nge7 11. Kb1 Qd7 12. Rg1 O-O-O 13. Ne2 Kb8 14. c3 Nc8 15. Nc1 Nd6 16. Nb3 b6 17. Qc2 a5 18. a4 Ne7 19. Nd2 Ka7 20. c4 dxc4 21. Nxc4 Nc6 22. Ne5 Nb4 23. Qb3 Qe8 24. Rc1 Rc8 25. Be2 Bf6 26. Rc3 Bxh4 27. Rgc1 Be7 28. Rxc7+ Rxc7 29. Rxc7+ Kb8 30. Rc1 f6 31. Nc6+ Nxc6 32. Qxb6+ Nb7 33. Rxc6 Bd8 34. Qa6 h4 35. d5 1-0

[Event "Rabat Blitz Marathon"]
[Site "Rabat MAR"]
[Date "2014.06.07"]
[Round "17.4"]
[White "Onkoud, Abdelaziz"]
[Black "Hansen, Eric"]
[Result "0-1"]
[WhiteElo "2385"]
[BlackElo "2584"]
[PlyCount "52"]
[GameId "2130307670759159"]
[EventDate "2014.06.07"]
[EventType "swiss (blitz)"]
[EventRounds "21"]
[EventCountry "MAR"]
[SourceTitle "10 Days #402"]
[Source "Chess Mix"]

1. Nf3 Nf6 2. c4 g6 3. d4 Bg7 4. Nc3 d5 5. e3 O-O 6. b4 Nc6 7. Qb3 Be6 8. c5 Bg4 9. Be2 Bxf3 10. Bxf3 e5 11. b5 Na5 12. Qa4 exd4 13. Qxa5 dxc3 14. O-O Ne4 15. Bxe4 dxe4 16. Ba3 c6 17. Qb4 Qe7 18. Qc4 Rfd8 19. Bb4 Rd3 20. Rac1 Qe6 21. Qxe6 fxe6 22. bxc6 bxc6 23. Ba5 Rb8 24. g4 Rb5 25. Bc7 Rxc5 26. Rb1 c2 0-1

[Event "Rabat Blitz Marathon"]
[Site "Rabat MAR"]
[Date "2014.06.07"]
[Round "18.3"]
[White "Hansen, Eric"]
[Black "Rausis, Igors"]
[Result "1-0"]
[WhiteElo "2584"]
[BlackElo "2578"]
[PlyCount "37"]
[GameId "2130307670759162"]
[EventDate "2014.06.07"]
[EventType "swiss (blitz)"]
[EventRounds "21"]
[EventCountry "MAR"]
[SourceTitle "10 Days #402"]
[Source "Chess Mix"]

1. e4 c6 2. d4 d5 3. e5 Bf5 4. h4 h5 5. c4 e6 6. Nc3 Ne7 7. Bg5 Qb6 8. Qd2 dxc4 9. Bxc4 Nd5 10. Nge2 Nd7 11. O-O f6 12. Be3 fxe5 13. Bxd5 exd5 14. dxe5 Qc7 15. Nd4 Qxe5 16. Bf4 Qf6 17. Bg5 Qg6 18. Rae1+ Kf7 19. Qf4 1-0

[Event "Rabat Blitz Marathon"]
[Site "Rabat MAR"]
[Date "2014.06.07"]
[Round "19.3"]
[White "Hifad, Rachid"]
[Black "Hansen, Eric"]
[Result "0-1"]
[WhiteElo "2313"]
[BlackElo "2584"]
[PlyCount "88"]
[GameId "2130307670759166"]
[EventDate "2014.06.07"]
[EventType "swiss (blitz)"]
[EventRounds "21"]
[EventCountry "MAR"]
[SourceTitle "10 Days #402"]
[Source "Chess Mix"]

1. d4 Nf6 2. c4 g6 3. Nc3 d5 4. cxd5 Nxd5 5. Na4 Bg7 6. e4 Nb6 7. Be3 O-O 8. Nc3 Nc6 9. Nge2 Nc4 10. b3 Nxe3 11. fxe3 e5 12. d5 Ne7 13. Ng3 h5 14. Bc4 Bg4 15. Qd2 Nc8 16. O-O Nd6 17. Be2 Bd7 18. Rf2 b5 19. Bd3 Bh6 20. Raf1 Qg5 21. Nd1 Qg4 22. Qc2 Rac8 23. Be2 Qg5 24. Rf6 Bg7 25. R6f2 h4 26. Nh1 c5 27. Bf3 c4 28. b4 c3 29. Re2 Rc4 30. a3 a5 31. bxa5 Ra8 32. Nhf2 Rxa5 33. Qb3 Qd8 34. Nxc3 Qc7 35. Na2 Qc5 36. Nb4 Rc3 37. Qb2 Raxa3 38. Rc2 Qxe3 39. Rxc3 Qxc3 40. Qxc3 Rxc3 41. Rb1 f5 42. Nfd3 fxe4 43. Nc5 Rxc5 44. Ra1 exf3 0-1

[Event "Rabat Blitz Marathon"]
[Site "Rabat MAR"]
[Date "2014.06.07"]
[Round "20.2"]
[White "Hansen, Eric"]
[Black "Horvath, Adam"]
[Result "1-0"]
[WhiteElo "2584"]
[BlackElo "2531"]
[PlyCount "71"]
[GameId "2130307670759169"]
[EventDate "2014.06.07"]
[EventType "swiss (blitz)"]
[EventRounds "21"]
[EventCountry "MAR"]
[SourceTitle "10 Days #402"]
[Source "Chess Mix"]

1. e4 c5 2. Nf3 e6 3. d4 cxd4 4. Nxd4 Nc6 5. Nc3 Qc7 6. Be3 a6 7. Qd2 Nf6 8. O-O-O Bb4 9. f3 Ne7 10. Nb3 d5 11. e5 Nd7 12. f4 Nc5 13. Nxc5 Bxc5 14. Kb1 b5 15. Bxc5 Qxc5 16. Bd3 Bd7 17. g4 b4 18. Ne2 a5 19. Ng3 a4 20. Nh5 b3 21. cxb3 axb3 22. a3 Bb5 23. Rc1 Qb6 24. Bxb5+ Qxb5 25. f5 Kd7 26. f6 gxf6 27. Nxf6+ Kd8 28. Qe3 h5 29. Rc5 Qb7 30. gxh5 Nf5 31. Qd2 d4 32. Rhc1 Qf3 33. Qa5+ Ke7 34. Qb4 Rhb8 35. Rc8+ Rxb4 36. R1c7# 1-0

[Event "Rabat Blitz Marathon"]
[Site "Rabat MAR"]
[Date "2014.06.07"]
[Round "21.2"]
[White "Peralta, Fernando"]
[Black "Hansen, Eric"]
[Result "0-1"]
[WhiteElo "2596"]
[BlackElo "2584"]
[PlyCount "105"]
[GameId "2130307670763269"]
[EventDate "2014.06.07"]
[EventType "swiss (blitz)"]
[EventRounds "21"]
[EventCountry "MAR"]
[SourceTitle "10 Days #402"]
[Source "Chess Mix"]

1. d4 Nf6 2. c4 e6 3. Nc3 Bb4 4. e3 O-O 5. Bd3 d5 6. Nf3 c5 7. O-O cxd4 8. exd4 dxc4 9. Bxc4 b6 10. Re1 Bxc3 11. bxc3 Bb7 12. Bd3 Qc7 13. c4 Nbd7 14. Bb2 Rfe8 15. Ne5 Nxe5 16. Rxe5 Rad8 17. Qe2 Nd7 18. Re3 Nf8 19. Qg4 Ng6 20. Bf1 f5 21. Qg5 Qf7 22. Ree1 h6 23. Qe3 Nh4 24. Qg3 Qf6 25. f3 f4 26. Qf2 Qg5 27. Kh1 Nf5 28. Re5 Qg6 29. Bd3 Qf7 30. Rae1 Ne3 31. Qh4 Rc8 32. c5 Bd5 33. Bc1 bxc5 34. dxc5 Rxc5 35. Bxe3 fxe3 36. R5xe3 Rec8 37. h3 Rc3 38. Qd4 Qf6 39. Qxa7 R3c7 40. Qa3 Rc3 41. Qb4 Bxa2 42. Qe4 Bd5 43. Qh7+ Kf7 44. Kg1 Rc1 45. Bf1 R1c2 46. Qd3 Qg5 47. R3e2 R2c3 48. Qd1 Qf6 49. Qb1 R3c5 50. Qd3 R5c7 51. Qd1 Qf4 52. Rd2 Qd4+ 53. Rxd4 0-1

[Event "Reykjavik op"]
[Site "Reykjavik ISL"]
[Date "2014.03.05"]
[Round "2.14"]
[White "Hansen, Eric"]
[Black "Hoffmann, Hendrik"]
[Result "1-0"]
[WhiteElo "2587"]
[BlackElo "2244"]
[PlyCount "59"]
[GameId "2130307674120225"]
[EventDate "2014.03.04"]
[EventType "swiss"]
[EventRounds "10"]
[EventCountry "ISL"]
[SourceTitle "10 Days #393"]
[Source "Chess Mix"]

1. e4 d6 2. d4 Nf6 3. Nc3 g6 4. f4 Bg7 5. Nf3 c5 6. dxc5 Qa5 7. Qd4 O-O 8. Bd2 Nc6 9. Qc4 Qxc5 10. Qxc5 dxc5 11. e5 Nd7 12. Bb5 f6 13. Nd5 fxe5 14. Nc7 Rb8 15. Ne6 e4 16. Nfg5 Nd4 17. Nxd4 cxd4 18. Nxe4 Nb6 19. O-O-O Be6 20. Rde1 Rbc8 21. b3 Bf5 22. h3 h5 23. g3 Rc7 24. Rh2 Nd5 25. Bc4 e6 26. Nd6 Rd8 27. Nxf5 exf5 28. g4 Kh8 29. Rhe2 Bh6 30. Re8+ 1-0

[Event "Reykjavik op"]
[Site "Reykjavik ISL"]
[Date "2014.03.08"]
[Round "6.10"]
[White "Hansen, Eric"]
[Black "Ezat, Mohamed Mahmoud"]
[Result "1/2-1/2"]
[WhiteElo "2587"]
[BlackElo "2439"]
[PlyCount "71"]
[GameId "2130307674145276"]
[EventDate "2014.03.04"]
[EventType "swiss"]
[EventRounds "10"]
[EventCountry "ISL"]
[SourceTitle "10 Days #393"]
[Source "Chess Mix"]

1. e4 d6 2. d4 Nf6 3. Nc3 g6 4. Nf3 Bg4 5. h3 Bxf3 6. Qxf3 Nc6 7. Be3 Bg7 8. O-O-O O-O 9. g4 a6 10. e5 Nd7 11. e6 fxe6 12. Qe4 Rf6 13. d5 exd5 14. Nxd5 e6 15. Nxf6+ Qxf6 16. c3 Rf8 17. f4 d5 18. Qg2 b5 19. h4 b4 20. c4 Nb6 21. g5 Qf7 22. Bxb6 cxb6 23. cxd5 b3 24. axb3 Nb4 25. Qe4 Qc7+ 26. Qc4 Qd6 27. Kb1 b5 28. Qe4 exd5 29. Bh3 Kh8 30. h5 Rxf4 31. Qe2 gxh5 32. Qxh5 Rf2 33. Qe8+ Rf8 34. Qe4 Rf2 35. Qe8+ Rf8 36. Qe4 1/2-1/2

[Event "Reykjavik op"]
[Site "Reykjavik ISL"]
[Date "2014.03.09"]
[Round "7.8"]
[White "Djurhuus, Rune"]
[Black "Hansen, Eric"]
[Result "0-1"]
[WhiteElo "2447"]
[BlackElo "2587"]
[PlyCount "56"]
[GameId "2130307674153586"]
[EventDate "2014.03.04"]
[EventType "swiss"]
[EventRounds "10"]
[EventCountry "ISL"]
[SourceTitle "10 Days #393"]
[Source "Chess Mix"]

1. d4 Nf6 2. c4 g6 3. Nc3 d5 4. Qb3 dxc4 5. Qxc4 Be6 6. Qb5+ Bd7 7. Qb3 c5 8. d5 b5 9. Nxb5 Na6 10. Nc3 Rb8 11. Qd1 Qa5 12. f3 Bg7 13. e4 Nc7 14. Kf2 c4 15. g3 O-O 16. Kg2 Nfe8 17. Qd2 Nd6 18. Nh3 f5 19. Nf2 Ncb5 20. Nxb5 Qxb5 21. e5 Bxe5 22. Nd1 f4 23. Nc3 Qb7 24. g4 Bxg4 25. fxg4 f3+ 26. Kh3 Qd7 27. Qg5 Nf7 28. Qh4 h5 0-1

[Event "Reykjavik op"]
[Site "Reykjavik ISL"]
[Date "2014.03.10"]
[Round "8.7"]
[White "Hansen, Eric"]
[Black "Bekker Jensen, Simon"]
[Result "1-0"]
[WhiteElo "2587"]
[BlackElo "2418"]
[PlyCount "63"]
[GameId "2130307674157801"]
[EventDate "2014.03.04"]
[EventType "swiss"]
[EventRounds "10"]
[EventCountry "ISL"]
[SourceTitle "10 Days #393"]
[Source "Chess Mix"]

1. e4 e5 2. Nf3 Nc6 3. Bb5 a6 4. Ba4 Nf6 5. d3 d6 6. c4 Be7 7. h3 Nd7 8. Be3 Bf6 9. Nc3 Nd4 10. Nd5 Nxf3+ 11. Qxf3 c6 12. Nxf6+ Qxf6 13. Qxf6 Nxf6 14. Bc2 d5 15. exd5 cxd5 16. O-O O-O 17. f4 exf4 18. Rxf4 Be6 19. c5 Rac8 20. b4 Rfd8 21. a4 d4 22. Rxd4 Nd5 23. Bg5 f6 24. Bd2 a5 25. Re1 Bf7 26. bxa5 Rxc5 27. Bd1 Rdc8 28. Bf3 Rc2 29. Rxd5 Rxd2 30. Rd7 Be8 31. Rxb7 Bxa4 32. a6 1-0

[Event "Reykjavik op"]
[Site "Reykjavik ISL"]
[Date "2014.03.11"]
[Round "9.2"]
[White "Naiditsch, Arkadij"]
[Black "Hansen, Eric"]
[Result "0-1"]
[WhiteElo "2706"]
[BlackElo "2587"]
[PlyCount "80"]
[GameId "2130307674166112"]
[EventDate "2014.03.04"]
[EventType "swiss"]
[EventRounds "10"]
[EventCountry "ISL"]
[SourceTitle "10 Days #393"]
[Source "Chess Mix"]

1. e4 c5 2. Nf3 e6 3. g3 Nc6 4. Bg2 Nf6 5. Qe2 e5 6. Na3 d6 7. c3 Be7 8. O-O O-O 9. d3 Re8 10. Nc4 Bf8 11. Ne3 h6 12. Nh4 g6 13. Kh1 Bg7 14. Bd2 Rb8 15. Rae1 b5 16. f4 exf4 17. gxf4 c4 18. e5 dxe5 19. Bxc6 Re6 20. Bg2 exf4 21. Rxf4 Nh5 22. Rg4 cxd3 23. Qf3 Bb7 24. Qh3 Qe8 25. Bxb7 Rxb7 26. Rgg1 Rbe7 27. Neg2 Qd7 28. Rxe6 Rxe6 29. Nf5 Qd5 30. Nfe3 Qxa2 31. Qf3 Qxb2 32. Rd1 Nf6 33. Nf4 Re8 34. Qc6 Qb3 35. Rf1 Rf8 36. h4 Qa4 37. Nfg2 Ne4 38. Be1 d2 39. h5 dxe1=Q 40. Rxe1 Ng3+ 0-1

[Event "Reykjavik op"]
[Site "Reykjavik ISL"]
[Date "2014.03.12"]
[Round "10.2"]
[White "Hansen, Eric"]
[Black "Olafsson, Helgi"]
[Result "1/2-1/2"]
[WhiteElo "2587"]
[BlackElo "2546"]
[PlyCount "81"]
[GameId "2130307674178608"]
[EventDate "2014.03.04"]
[EventType "swiss"]
[EventRounds "10"]
[EventCountry "ISL"]
[SourceTitle "10 Days #393"]
[Source "Chess Mix"]

1. e4 e5 2. Nf3 Nf6 3. Nxe5 d6 4. Nf3 Nxe4 5. d4 d5 6. Bd3 Nc6 7. O-O Bg4 8. Nbd2 Nxd2 9. Bxd2 Be7 10. c3 O-O 11. h3 Bh5 12. Re1 Bd6 13. Bf5 Kh8 14. g4 Bg6 15. Qc2 Bxf5 16. Qxf5 Ne7 17. Qd3 f6 18. Re2 Qd7 19. Rae1 Rae8 20. Nh4 g5 21. Ng2 Ng6 22. Qf3 Rxe2 23. Rxe2 c6 24. b3 b5 25. Qf5 Rf7 26. Qxd7 Rxd7 27. Re8+ Kg7 28. Ne3 Kf7 29. Rc8 Ne7 30. Rh8 Kg6 31. Ra8 c5 32. dxc5 Bxc5 33. Nc2 h5 34. Rb8 Bb6 35. Be3 Nc6 36. Rg8+ Kf7 37. Rh8 Bxe3 38. Nxe3 hxg4 39. hxg4 d4 40. cxd4 Nxd4 41. Kg2 1/2-1/2

[Event "Gibraltar Masters"]
[Site "Caleta ENG"]
[Date "2014.01.28"]
[Round "1.39"]
[White "Iagar, Razvan Gabriel"]
[Black "Hansen, Eric"]
[Result "1/2-1/2"]
[WhiteElo "2171"]
[BlackElo "2559"]
[PlyCount "121"]
[GameId "2130307675031865"]
[EventDate "2014.01.28"]
[EventType "swiss"]
[EventRounds "10"]
[EventCountry "ENG"]
[SourceTitle "10 Days #389"]
[Source "Chess Mix"]

1. d4 Nf6 2. c4 g6 3. Nc3 d5 4. Nf3 Bg7 5. e3 O-O 6. cxd5 Nxd5 7. Bc4 Nb6 8. Bb3 c5 9. O-O c4 10. Bc2 Nc6 11. h3 e5 12. d5 Nb4 13. e4 f5 14. Bg5 Qd6 15. a4 Nxc2 16. Qxc2 Bd7 17. a5 Nc8 18. Bc1 Ne7 19. Nd2 Rac8 20. b3 cxb3 21. Qxb3 Rf7 22. Ba3 Qa6 23. Bb4 f4 24. Na4 Qb5 25. Nc3 Qd3 26. Na2 Qxb3 27. Nxb3 f3 28. Nc5 fxg2 29. Kxg2 Bb5 30. Rfc1 Bh6 31. Rcb1 b6 32. axb6 axb6 33. Nc3 bxc5 34. Nxb5 cxb4 35. Nd6 Rb8 36. Nxf7 Kxf7 37. Ra7 Kf6 38. Ra6+ Kf7 39. Ra7 Rb6 40. Rb3 Bf4 41. Kf3 Kf6 42. Ke2 Nc8 43. Ra4 Nd6 44. Raxb4 Rxb4 45. Rxb4 h5 46. f3 h4 47. Rb6 Ke7 48. Ra6 g5 49. Ra7+ Kd8 50. Ra8+ Kc7 51. Ra7+ Kb6 52. Rg7 Nb5 53. Rg6+ Kc7 54. Kf2 Nd4 55. Kg2 Kd7 56. Kf2 Ke7 57. Rg7+ Kf6 58. Rc7 Bg3+ 59. Ke3 Be1 60. Rc4 Bg3 61. Rc7 1/2-1/2

[Event "Gibraltar Masters"]
[Site "Caleta ENG"]
[Date "2014.01.29"]
[Round "2.60"]
[White "Hansen, Eric"]
[Black "Vea, Odin Blikra"]
[Result "1-0"]
[WhiteElo "2559"]
[BlackElo "2217"]
[PlyCount "41"]
[GameId "2130307675040204"]
[EventDate "2014.01.28"]
[EventType "swiss"]
[EventRounds "10"]
[EventCountry "ENG"]
[SourceTitle "10 Days #389"]
[Source "Chess Mix"]

1. e4 c5 2. Nf3 d6 3. Bb5+ Nd7 4. O-O a6 5. Bd3 g6 6. Re1 Bg7 7. c3 Ngf6 8. Bc2 O-O 9. d4 b5 10. a4 Bb7 11. d5 Ne5 12. Nxe5 dxe5 13. Be3 Qc7 14. Na3 b4 15. Nc4 a5 16. cxb4 cxb4 17. Bd3 Nd7 18. Rc1 Qb8 19. Nd2 Rd8 20. Bb5 Qd6 21. Nc4 1-0

[Event "Gibraltar Masters"]
[Site "Caleta ENG"]
[Date "2014.01.30"]
[Round "3.34"]
[White "Aloma Vidal, Roberto"]
[Black "Hansen, Eric"]
[Result "0-1"]
[WhiteElo "2416"]
[BlackElo "2559"]
[PlyCount "72"]
[GameId "2130307675044400"]
[EventDate "2014.01.28"]
[EventType "swiss"]
[EventRounds "10"]
[EventCountry "ENG"]
[SourceTitle "10 Days #389"]
[Source "Chess Mix"]

1. d4 Nf6 2. c4 g6 3. Nc3 d5 4. Bg5 Bg7 5. Bxf6 Bxf6 6. cxd5 c5 7. dxc5 Nd7 8. e4 Nxc5 9. Bb5+ Kf8 10. Nge2 Qb6 11. a4 a6 12. a5 Qd6 13. Bd3 g5 14. b4 Nd7 15. Rb1 Ne5 16. Na4 Bg4 17. Nc5 Rb8 18. Qd2 h5 19. h4 Rg8 20. Qe3 gxh4 21. f4 Nxd3+ 22. Nxd3 Rc8 23. e5 Qxd5 24. exf6 exf6 25. Rb2 Qxg2 26. Rxh4 Re8 27. Qf2 Qe4 28. Qc5+ Kg7 29. Nf2 Qxf4 30. Nxg4 hxg4 31. Rd2 Re5 32. Qg1 Kf8 33. Rh2 g3 34. Qc5+ Rxc5 35. Rd8+ Ke7 36. Nxf4 Re5+ 0-1

[Event "Gibraltar Masters"]
[Site "Caleta ENG"]
[Date "2014.01.31"]
[Round "4.10"]
[White "Hansen, Eric"]
[Black "Tomashevsky, Evgeny"]
[Result "1/2-1/2"]
[WhiteElo "2559"]
[BlackElo "2715"]
[PlyCount "61"]
[GameId "2130307675048594"]
[EventDate "2014.01.28"]
[EventType "swiss"]
[EventRounds "10"]
[EventCountry "ENG"]
[SourceTitle "10 Days #389"]
[Source "Chess Mix"]

1. e4 e5 2. Nf3 Nc6 3. Bb5 a6 4. Ba4 Nf6 5. O-O Be7 6. Re1 b5 7. Bb3 O-O 8. h3 Bb7 9. d3 d5 10. exd5 Nxd5 11. a4 Nd4 12. Nbd2 Nxb3 13. Nxb3 Nb4 14. Nxe5 Qd5 15. f3 Bd6 16. d4 Rad8 17. Bd2 Rfe8 18. axb5 axb5 19. Bxb4 Bxb4 20. c3 Bd6 21. Qc2 c5 22. c4 bxc4 23. Nxc4 Rxe1+ 24. Rxe1 Bg3 25. Re4 cxd4 26. Rxd4 Re8 27. Qd2 Qf5 28. Rd8 Bc6 29. Rxe8+ Bxe8 30. Ne3 Qe5 31. Nd4 1/2-1/2

[Event "Gibraltar Masters"]
[Site "Caleta ENG"]
[Date "2014.02.01"]
[Round "5.26"]
[White "Mikkelsen, Nikolaj"]
[Black "Hansen, Eric"]
[Result "0-1"]
[WhiteElo "2423"]
[BlackElo "2559"]
[PlyCount "56"]
[GameId "2130307675056922"]
[EventDate "2014.01.28"]
[EventType "swiss"]
[EventRounds "10"]
[EventCountry "ENG"]
[SourceTitle "10 Days #389"]
[Source "Chess Mix"]

1. e4 c5 2. b3 d6 3. Bb2 e5 4. Bc4 Nf6 5. Nc3 Nc6 6. Nge2 a6 7. a4 g6 8. O-O Bg7 9. d3 O-O 10. h3 Nh5 11. Nd5 Rb8 12. Ne3 b5 13. axb5 axb5 14. Bd5 Nd4 15. Kh2 Nf4 16. Ng1 Nxd5 17. Nxd5 f5 18. g3 Rb7 19. Ra8 Ne6 20. Bc1 Rbf7 21. exf5 Nc7 22. Nxc7 Qxc7 23. Qf3 Rxf5 24. Qd5+ Kh8 25. Be3 Bb7 26. Rxf8+ Bxf8 27. Qe6 Qc6 28. f3 Bc8 0-1

[Event "Gibraltar Masters"]
[Site "Caleta ENG"]
[Date "2014.02.02"]
[Round "6.9"]
[White "Hansen, Eric"]
[Black "Agdestein, Simen"]
[Result "1-0"]
[WhiteElo "2559"]
[BlackElo "2627"]
[PlyCount "65"]
[GameId "2130307675061125"]
[EventDate "2014.01.28"]
[EventType "swiss"]
[EventRounds "10"]
[EventCountry "ENG"]
[SourceTitle "10 Days #389"]
[Source "Chess Mix"]

1. e4 e6 2. d4 d5 3. Nc3 Nf6 4. Bg5 Bb4 5. e5 h6 6. Bc1 Ne4 7. Qg4 g6 8. Nge2 c5 9. a3 Ba5 10. dxc5 Nc6 11. b4 Nxe5 12. Qh3 Bc7 13. Nxe4 dxe4 14. Nc3 a5 15. Bb2 axb4 16. Rd1 Qe7 17. axb4 Nc6 18. Nxe4 e5 19. Qf3 Kf8 20. Bc4 Be6 21. Bxe6 Qxe6 22. b5 Ra2 23. bxc6 Rxb2 24. Qc3 Rb5 25. cxb7 Qc6 26. Qc4 Rxb7 27. O-O Kg7 28. f4 Rd8 29. fxe5 Rxd1 30. Qxf7+ Kh8 31. Qf8+ Kh7 32. Nf6+ Qxf6 33. Qxf6 1-0

[Event "Gibraltar Masters"]
[Site "Caleta ENG"]
[Date "2014.02.03"]
[Round "7.6"]
[White "Hansen, Eric"]
[Black "Rapport, Richard"]
[Result "1/2-1/2"]
[WhiteElo "2559"]
[BlackElo "2691"]
[PlyCount "81"]
[GameId "2130307675065336"]
[EventDate "2014.01.28"]
[EventType "swiss"]
[EventRounds "10"]
[EventCountry "ENG"]
[SourceTitle "10 Days #389"]
[Source "Chess Mix"]

1. e4 e6 2. d4 d5 3. Nc3 Nc6 4. e5 f6 5. Bb5 Qd7 6. Nf3 a6 7. Bxc6 Qxc6 8. exf6 Nxf6 9. Ne5 Qb6 10. O-O Bd6 11. Na4 Qa7 12. Be3 b6 13. b3 O-O 14. c4 dxc4 15. bxc4 Bb7 16. c5 bxc5 17. dxc5 Nd5 18. Qd4 Nxe3 19. fxe3 Bxe5 20. Qxe5 Rxf1+ 21. Rxf1 Bd5 22. Rd1 Qb8 23. Nc3 c6 24. Qxb8+ Rxb8 25. e4 Bc4 26. Rd4 Bxa2 27. Ra4 Bb1 28. Rxa6 Bd3 29. Rxc6 Rb3 30. Na4 Rb4 31. Nb6 Bxe4 32. Rxe6 Kf7 33. Re5 Rb1+ 34. Kf2 Rb2+ 35. Ke3 Bxg2 36. Nc4 Ra2 37. Nd6+ Kf6 38. Rf5+ Ke6 39. Rf7 Rc2 40. Rxg7 Rxc5 41. Rxg2 1/2-1/2